000 00417nam a22001817a 4500
003 MPLRDC
005 20220104172731.0
008 210129b ||||| |||| 00| 0 eng d
020 _a0-449-21810-4
082 _a490.7 FEL
100 _aBEVERLY NEVER FELDMAN
245 _aHOMEBASED BUSINESS
_c
250 _a初版
260 _a
_bFAWCETT CREST
_c1983
300 _b
650 _a
942 _cBK
_o490.7 FEL
999 _c59089
_d59079